Normal view
MARC view
Entry Geographic Name
001 - CONTROL NUMBER
- control field: 16915
003 - CONTROL NUMBER IDENTIFIER
- control field: OSt
005 - DATE AND TIME OF LATEST TRANSACTION
- control field: 20260601145223.0
008 - FIXED-LENGTH DATA ELEMENTS
- fixed length control field: 260601|| aca||aabn | a|a d
040 ## - CATALOGING SOURCE
- Original cataloging agency: OSt
- Transcribing agency: OSt
151 ## - HEADING--GEOGRAPHIC NAME
- General subdivision: Attitudes
670 ## - SOURCE DATA FOUND
- Source citation: Work cat.: (OSt)6205: Beatingo, Edmar, 2388 author., Ang sarbey ukol sa epekto ng pagkakaroon ng nobyo/nobya kaugnay sa performans ng mga estudyante sa Unibersidad ng Foundation /
